| 000 | 01075cam a2200337 4500 | ||
|---|---|---|---|
| 999 |
_c23603 _d23603 |
||
| 001 | vtls012227321 | ||
| 005 | 20240719114816.0 | ||
| 008 | 230412s2022 xo e 000 f slo | ||
| 020 |
_a9788055185507 _q(viazané) |
||
| 040 |
_aSNK _bslo _cSNK _erda |
||
| 041 | 1 |
_aslo _heng |
|
| 044 |
_axo _cSK |
||
| 072 | 7 |
_a821.111-3 _xAnglická próza, anglicky písaná _2konspekt |
|
| 080 |
_a821.111-31 _22011 |
||
| 100 | 1 |
_aWalsh, Rosie _4aut _93947 |
|
| 240 | 1 | 4 |
_aThe love of my love _lSlovensky |
| 245 | 1 | 0 |
_aLáska môjho života _cRosie Walshová ; preložila Denisa Jahičová |
| 264 | 1 |
_aBratislava _bIkar _c2022 |
|
| 300 |
_a334 strán _c21 cm |
||
| 336 |
_atext _btxt _2rdacontent |
||
| 337 |
_abez média _bn _2rdamedia |
||
| 338 |
_azväzok _bnc _2rdacarrier |
||
| 500 | _aPreložené z angličtiny | ||
| 500 | _aObsahuje biografické údaje o autorke | ||
| 655 | 7 |
_aanglické romány _2SNKPH _98 |
|
| 655 | 7 |
_aEnglish fiction _2SNKPHeng _99 |
|
| 700 | 1 |
_aJahičová, Denisa _4trl _93948 |
|
| 958 | _aLX | ||
| 958 | _aUP | ||